| 000 | 00649nam a22002297a 4500 | ||
|---|---|---|---|
| 005 | 20170124110108.0 | ||
| 010 | _aA-700931 | ||
| 020 |
_c00.00 _a8170246474 |
||
| 035 | _aA-700931 | ||
| 037 | _bCen Lib/Ret | ||
| 040 |
_aDPL _bEN |
||
| 082 |
_a363.2 _bSEN |
||
| 100 |
_aSen, Sankar _915819 |
||
| 245 |
_aIndian police today / _cby Sankar Sen |
||
| 260 |
_aNew Delhi _bAshish Publishing House _c1994 |
||
| 270 |
_a8/81, Punjabi Bagh _bNew Delhi _e110026 |
||
| 300 |
_aviii,269p. _c20cm(Hb) |
||
| 500 | _aIncludes index | ||
| 650 |
_aPolice -- Inde _928493 |
||
| 650 |
_aPolice--India _928494 |
||
| 942 |
_2ddc _cEN _h363.2 _mSEN |
||
| 999 |
_c130168 _d130168 |
||